<?xml version="1.0" encoding="UTF-8"?><?xml-stylesheet type="text/xsl" href="static/style.xsl"?><OAI-PMH xmlns="http://www.openarchives.org/OAI/2.0/" xmlns:xsi="http://www.w3.org/2001/XMLSchema-instance" xsi:schemaLocation="http://www.openarchives.org/OAI/2.0/ http://www.openarchives.org/OAI/2.0/OAI-PMH.xsd"><responseDate>2026-04-17T06:45:40Z</responseDate><request verb="GetRecord" identifier="oai:www.recercat.cat:10256/20150" metadataPrefix="marc">https://recercat.cat/oai/request</request><GetRecord><record><header><identifier>oai:recercat.cat:10256/20150</identifier><datestamp>2024-06-18T11:54:18Z</datestamp><setSpec>com_2072_452955</setSpec><setSpec>com_2072_2054</setSpec><setSpec>col_2072_453077</setSpec></header><metadata><record xmlns="http://www.loc.gov/MARC21/slim" xmlns:dcterms="http://purl.org/dc/terms/" xmlns:xsi="http://www.w3.org/2001/XMLSchema-instance" xmlns:doc="http://www.lyncode.com/xoai" xsi:schemaLocation="http://www.loc.gov/MARC21/slim http://www.loc.gov/standards/marcxml/schema/MARC21slim.xsd">
   <leader>00925njm 22002777a 4500</leader>
   <datafield ind2=" " ind1=" " tag="042">
      <subfield code="a">dc</subfield>
   </datafield>
   <datafield ind2=" " ind1=" " tag="720">
      <subfield code="a">Zahedi, Soraya</subfield>
      <subfield code="e">author</subfield>
   </datafield>
   <datafield ind2=" " ind1=" " tag="720">
      <subfield code="a">Gros Calvo, Meritxell</subfield>
      <subfield code="e">author</subfield>
   </datafield>
   <datafield ind2=" " ind1=" " tag="720">
      <subfield code="a">Petrović, Mira</subfield>
      <subfield code="e">author</subfield>
   </datafield>
   <datafield ind2=" " ind1=" " tag="720">
      <subfield code="a">Balcázar, José Luis</subfield>
      <subfield code="e">author</subfield>
   </datafield>
   <datafield ind2=" " ind1=" " tag="720">
      <subfield code="a">Pijuan i Vilalta, Maite</subfield>
      <subfield code="e">author</subfield>
   </datafield>
   <datafield ind2=" " ind1=" " tag="260">
      <subfield code="c">info:eu-repo/date/embargoEnd/2023-11-15</subfield>
   </datafield>
   <datafield ind2=" " ind1=" " tag="260">
      <subfield code="c">2021-11-15</subfield>
   </datafield>
   <datafield ind2=" " ind1=" " tag="520">
      <subfield code="a">The effect of anaerobic treatment of swine manure at 35 °C (mesophilic) and 55 °C (thermophilic) on methane production, microbial community and contaminants of emerging concern was investigated. Pasteurization pretreatment and post treatment was also investigated in combination with anaerobic treatment at 35 °C. Specific methane production (SMP), 26 pharmaceutical compounds (PhACs) and five antibiotic resistance genes (ARGs) (qnrS, tetW, ermB, sul1 and blaTEM) were evaluated. Mesophilic treatment resulted in the highest SMP regardless of whether pasteurization was applied. Marbofloxacin was the most abundant antibiotic in swine manure. In general, all groups of PhACs showed higher removals under thermophilic temperatures as compared to mesophilic. In general, pasteurization pretreatment followed by mesophilic anaerobic digestion provided the highest removals of ARGs. Finally, the genera Streptococcus, Clostridium and Pseudomonas which contain pathogenic species, were present in the swine manure. Streptococcus, which was the most abundant, was decreased during all the treatments, while the others only decreased under certain treatments</subfield>
   </datafield>
   <datafield ind2=" " ind1=" " tag="520">
      <subfield code="a">S. Zahedi acknowledges the funding received from the Spanish Ministry of Science&#xd;
and Innovation (MICINN) (IJCI-2017-33248). This study was supported by the&#xd;
Spanish Government (Ministerio de Ciencia e Innovación, project PID2019-&#xd;
110346RB-C22). The authors acknowledge the support from the Economy and&#xd;
Knowledge Department of the Catalan Government through a Consolidated Research&#xd;
Group (ICRA-TECH - 2017 SGR 1318) and (SGR ICRA-ENV 2017 1124). ICRA&#xd;
researchers also acknowledge the funding from CERCA program</subfield>
   </datafield>
   <datafield ind1="8" ind2=" " tag="024">
      <subfield code="a">http://hdl.handle.net/10256/20150</subfield>
   </datafield>
   <datafield tag="653" ind2=" " ind1=" ">
      <subfield code="a">Porcs -- Fems</subfield>
   </datafield>
   <datafield tag="653" ind2=" " ind1=" ">
      <subfield code="a">Swine -- Manure</subfield>
   </datafield>
   <datafield tag="653" ind2=" " ind1=" ">
      <subfield code="a">Contaminants</subfield>
   </datafield>
   <datafield tag="653" ind2=" " ind1=" ">
      <subfield code="a">Pollutants</subfield>
   </datafield>
   <datafield ind2="0" ind1="0" tag="245">
      <subfield code="a">Anaerobic treatment of swine manure under mesophilic and thermophilic temperatures: Fate of veterinary drugs and resistance genes</subfield>
   </datafield>
</record></metadata></record></GetRecord></OAI-PMH>